书目信息 |
| 题名: |
岩土工程标准规范实施手册
|
|
| 作者: | 高大钊 主编 | |
| 分册: | ||
| 出版信息: | 北京 中国建筑工业出版社 1997.08 |
|
| 页数: | 1441页 | |
| 开本: | 16开 | |
| 丛书名: | ||
| 单 册: | ||
| 中图分类: | TU4-65 | |
| 科图分类: | ||
| 主题词: | 土力学 , 地基--基础(工程) | |
| 电子资源: | ||
| ISBN: | 7-112-03104-4 | |
| 000 | 00623nam0 2200205 45 | |
| 001 | 0103281014 | |
| 005 | 20010331090021.3 | |
| 010 | @a7-112-03104-4@d120.00元 | |
| 100 | @a20010328d1997 km y0chiy0120 ea | |
| 101 | 0 | @achi |
| 105 | @a z 000yy | |
| 200 | 1 | @a岩土工程标准规范实施手册@AYan Tu Gong Cheng Biao Zhun Gui Fan Shi Shi Shou Ce@f高大钊主编@FGao Da Zhao Zhu Bian |
| 210 | @a北京@c中国建筑工业出版社@d1997.08 | |
| 215 | @a1441页@d16开 | |
| 606 | 0 | @a土力学 |
| 606 | 0 | @a地基@x基础(工程) |
| 690 | @aTU4-65@v3 | |
| 701 | 0 | @a高大钊@4主编 |
| 801 | @aCN@bPftUser@c20010328 | |
| 905 | @dTU4-65@eG936@b334280-282@f3 | |
| 岩土工程标准规范实施手册/高大钊主编.-北京:中国建筑工业出版社,1997.08 |
| 1441页;16开 |
| ISBN 7-112-03104-4:120.00元 |
| ● |
| 相关链接 |
|
|
|
正题名:岩土工程标准规范实施手册
索取号:TU4-65/G936
 
预约/预借
| 序号 | 登录号 | 条形码 | 馆藏地/架位号 | 状态 | 备注 |
| 1 | 334280 | 203342800 | 建筑库101/404自科库 26排5列1层/ [索取号:TU4-65/G936] | 在馆 | |
| 2 | 334281 | 203342819 | 自科二线404/404自科库 24排5列2层/ [索取号:TU4-65/G936] | 在馆 | |
| 3 | 334282 | 203342828 | 自科二线404/404自科库 25排1列3层/ [索取号:TU4-65/G936] | 在馆 |